| 000 | 00589nam a22002297a 4500 | ||
|---|---|---|---|
| 003 | LK-CoMWRAF | ||
| 005 | 20240527132501.0 | ||
| 008 | 240527b1988 |||||||| |||| 00| 0 eng d | ||
| 020 | _a0273029010 | ||
| 040 |
_aLK-CoMWRAF _dLK-CoMWRAF _eLK-CoMWRAF |
||
| 041 | _aeng | ||
| 082 |
_a653.424 _bPIT |
||
| 245 |
_aPitman new era shorthand key: _banniversary edition |
||
| 260 |
_aLondon: _bPitman publishing, _c1988 |
||
| 300 | _a62 p. | ||
| 650 | _aSHORTHAND | ||
| 700 | _aO'Dea, Audrey | ||
| 700 | _aSykes, Joan | ||
| 700 | _aWatson, Jule | ||
| 700 | _aWilliams, Pamela | ||
| 942 | _cBK | ||
| 999 |
_c4897 _d4897 |
||